00681cam a2200193 a 450000100100000000500170001000800410002704000250006804100380009308200200013110000240015124000320017524500870020724600420029426000300033630000210036665000580038765000420044500000314920200929150338.0740518s1970 mx 000 1 spa  aDO-SdBNPbspacBNPHU17aspaheng2Código de idioma MARC a792.0973bG685t1 aGottfried, Martín10aTheater divided.lEspañol10aTeatro dividido :bel teatro norteamericano de la posguerra /cMartín Gottfried.10aTeatro norteamericano de la posguerra aMéxico :bDiana,c1970. a298 p. ;c22 cm. 4aTeatro estadounidensexHistoria y críticaySIGLO XX 4aGuerra mundial, 1939-1945xInfluencia